[Event "eytcc"]
[Site "?"]
[Date "2017.08.21"]
[Round "5.21"]
[White "Haring, Viktor"]
[Black "Ozer, Omer Faruk"]
[Result "0-1"]
[BlackElo "2411"]
[WhiteElo "2317"]
[LiveChessVersion "1.4.4"]

1. e4 {[%clk 1:30:54]} e5 {[%clk 1:30:43]} 2. Nf3 {[%clk 1:31:14]} Nc6
{[%clk 1:31:05]} 3. Bb5 {[%clk 1:31:23]} a6 {[%clk 1:31:19]} 4. Ba4
{[%clk 1:31:41]} Nf6 {[%clk 1:31:35]} 5. O-O {[%clk 1:31:26]} Be7
{[%clk 1:31:34]} 6. Re1 {[%clk 1:31:14]} b5 {[%clk 1:31:30]} 7. Bb3
{[%clk 1:31:23]} O-O {[%clk 1:31:26]} 8. d4 {[%clk 1:27:16]} d6 {[%clk 1:31:35]}
9. c3 {[%clk 1:27:25]} Bg4 {[%clk 1:30:24]} 10. Be3 {[%clk 1:25:24]} exd4
{[%clk 1:30:15]} 11. cxd4 {[%clk 1:25:44]} Na5 {[%clk 1:30:07]} 12. Bc2
{[%clk 1:22:57]} Nc4 {[%clk 1:30:18]} 13. Bc1 {[%clk 1:21:23]} c5
{[%clk 1:29:47]} 14. b3 {[%clk 0:59:07]} Nb6 {[%clk 1:29:59]} 15. Bb2
{[%clk 0:59:30]} cxd4 {[%clk 1:28:42]} 16. Bxd4 {[%clk 0:58:47]} Nfd7
{[%clk 1:28:28]} 17. Qd3 {[%clk 0:50:05]} Nc5 {[%clk 1:02:34]} 18. Qe3
{[%clk 0:48:23]} Rc8 {[%clk 0:58:27]} 19. Nc3 {[%clk 0:32:42]} b4
{[%clk 0:34:20]} 20. Nd5 {[%clk 0:30:58]} Nxd5 {[%clk 0:34:41]} 21. exd5
{[%clk 0:31:17]} Bf6 {[%clk 0:34:47]} 22. Bxf6 {[%clk 0:27:55]} Qxf6
{[%clk 0:35:02]} 23. Nd4 {[%clk 0:27:22]} Bd7 {[%clk 0:35:08]} 24. Qd2
{[%clk 0:24:06]} a5 {[%clk 0:20:48]} 25. a3 {[%clk 0:17:01]} Rb8 {[%clk 0:18:22]}
26. axb4 {[%clk 0:12:44]} axb4 {[%clk 0:18:51]} 27. h3 {[%clk 0:03:28]} g6
{[%clk 0:19:05]} 28. Ra7 {[%clk 0:03:14]} Rfe8 {[%clk 0:19:01]} 29. Rxe8+
{[%clk 0:02:38]} Rxe8 {[%clk 0:19:28]} 30. Nc6 {[%clk 0:01:21]} Qb2
{[%clk 0:18:04]} 31. Nxb4 {[%clk 0:00:39]} Nxb3 {[%clk 0:18:15]} 32. Qf4
{[%clk 0:00:38]} Nc5 {[%clk 0:17:23]} 33. Nd3 {[%clk 0:00:42]} Qb6
{[%clk 0:14:10]} 34. Nxc5 {[%clk 0:01:05]} Qxa7 {[%clk 0:14:34]} 35. Qxd6
{[%clk 0:00:48]} Bb5 {[%clk 0:12:42]} 36. Ne4 {[%clk 0:00:40]} Qa1+
{[%clk 0:13:03]} 37. Kh2 {[%clk 0:01:05]} Qe5+ {[%clk 0:13:26]} 38. Qxe5
{[%clk 0:00:53]} Rxe5 {[%clk 0:13:55]} 39. f4 {[%clk 0:00:40]} Re7
{[%clk 0:14:23]} 40. d6 {[%clk 0:30:39]} Ra7 {[%clk 0:44:51]} 41. f5
{[%clk 0:11:05]} Bc6 {[%clk 0:34:41]} 42. Nc5 {[%clk 0:05:05]} Kf8
{[%clk 0:31:53]} 43. f6 {[%clk 0:00:56]} Ke8 {[%clk 0:30:22]} 44. Be4
{[%clk 0:00:37]} Bxe4 {[%clk 0:29:54]} 45. Nxe4 {[%clk 0:01:05]} Ra5
{[%clk 0:30:16]} 46. Kg3 {[%clk 0:00:35]} Kd7 {[%clk 0:30:32]} 47. Kf4
{[%clk 0:00:48]} h6 {[%clk 0:30:20]} 48. h4 {[%clk 0:00:35]} Ke6 {[%clk 0:30:06]}
49. g4 {[%clk 0:00:41]} Ra3 {[%clk 0:29:28]} 50. g5 {[%clk 0:00:35]} h5
{[%clk 0:29:51]} 51. d7 {[%clk 0:00:34]} Kxd7 {[%clk 0:30:10]} 52. Ke5
{[%clk 0:00:36]} Ra5+ {[%clk 0:30:06]} 53. Kd4 {[%clk 0:01:05]} Ra1
{[%clk 0:28:21]} 54. Nc5+ {[%clk 0:00:37]} Ke8 {[%clk 0:27:40]} 55. Ke5
{[%clk 0:00:32]} Rh1 {[%clk 0:27:53]} 56. Ne4 {[%clk 0:00:34]} Rxh4
{[%clk 0:28:15]} 57. Nd6+ {[%clk 0:00:45]} Kf8 {[%clk 0:28:44]} 0-1

[Event "eytcc"]
[Site "?"]
[Date "2017.08.21"]
[Round "5.22"]
[White "Gokerkan, Cem Kaan"]
[Black "Macko, Miroslav"]
[Result "1-0"]
[BlackElo "2304"]
[WhiteElo "2357"]
[LiveChessVersion "1.4.4"]

1. e4 {[%clk 1:30:57]} c5 {[%clk 1:30:54]} 2. Nf3 {[%clk 1:31:06]} Nc6
{[%clk 1:31:15]} 3. d4 {[%clk 1:31:25]} cxd4 {[%clk 1:31:40]} 4. Nxd4
{[%clk 1:31:51]} g6 {[%clk 1:32:03]} 5. c4 {[%clk 1:32:10]} Nf6 {[%clk 1:32:20]}
6. Nc3 {[%clk 1:32:29]} d6 {[%clk 1:32:42]} 7. Be2 {[%clk 1:31:13]} Nxd4
{[%clk 1:33:02]} 8. Qxd4 {[%clk 1:31:38]} Bg7 {[%clk 1:33:25]} 9. Be3
{[%clk 1:29:21]} O-O {[%clk 1:33:43]} 10. Qd2 {[%clk 1:29:18]} a5
{[%clk 1:33:39]} 11. O-O {[%clk 1:28:01]} a4 {[%clk 1:33:59]} 12. Rad1
{[%clk 1:22:19]} Qa5 {[%clk 1:29:57]} 13. f3 {[%clk 1:09:58]} Bd7
{[%clk 1:22:16]} 14. c5 {[%clk 1:09:04]} Be6 {[%clk 1:12:59]} 15. cxd6
{[%clk 1:09:01]} exd6 {[%clk 1:02:42]} 16. Qxd6 {[%clk 1:08:54]} Rfd8
{[%clk 1:00:27]} 17. Qe7 {[%clk 0:49:48]} Re8 {[%clk 0:50:07]} 18. Qc5
{[%clk 0:48:32]} Qxc5 {[%clk 0:41:17]} 19. Bxc5 {[%clk 0:49:01]} Nh5
{[%clk 0:41:04]} 20. a3 {[%clk 0:45:52]} Rec8 {[%clk 0:37:17]} 21. Bd4
{[%clk 0:43:04]} Bb3 {[%clk 0:36:16]} 22. Bxg7 {[%clk 0:35:54]} Bxd1
{[%clk 0:36:08]} 23. Rxd1 {[%clk 0:36:16]} Kxg7 {[%clk 0:35:04]} 24. Rd7
{[%clk 0:34:26]} Nf4 {[%clk 0:27:28]} 25. Bf1 {[%clk 0:34:48]} b6
{[%clk 0:22:10]} 26. Kf2 {[%clk 0:26:49]} Rd8 {[%clk 0:13:29]} 27. Rxd8
{[%clk 0:26:56]} Rxd8 {[%clk 0:13:53]} 28. Ke3 {[%clk 0:27:20]} g5
{[%clk 0:12:28]} 29. g3 {[%clk 0:27:30]} Ne6 {[%clk 0:12:48]} 30. Nxa4
{[%clk 0:27:59]} Rb8 {[%clk 0:09:15]} 31. Nc3 {[%clk 0:28:17]} Kf6
{[%clk 0:08:40]} 32. Nd5+ {[%clk 0:28:20]} Ke5 {[%clk 0:08:40]} 33. Bc4
{[%clk 0:27:53]} Kd6 {[%clk 0:08:00]} 34. Ba2 {[%clk 0:27:38]} h6
{[%clk 0:06:51]} 35. f4 {[%clk 0:27:55]} b5 {[%clk 0:06:15]} 36. e5+
{[%clk 0:28:00]} Kd7 {[%clk 0:06:03]} 37. f5 {[%clk 0:27:18]} Nc5
{[%clk 0:05:07]} 38. Kd4 {[%clk 0:18:32]} Na4 {[%clk 0:04:52]} 39. b3
{[%clk 0:17:44]} Nb6 {[%clk 0:05:04]} 40. b4 {[%clk 0:47:28]} Nxd5
{[%clk 0:30:31]} 41. Bxd5 {[%clk 0:47:47]} Ke7 {[%clk 0:30:28]} 42. Kc5
{[%clk 0:45:09]} g4 {[%clk 0:25:55]} 43. Bc6 {[%clk 0:43:56]} Rd8
{[%clk 0:21:51]} 44. Kxb5 {[%clk 0:43:30]} Rd2 {[%clk 0:21:53]} 45. a4
{[%clk 0:43:36]} Rxh2 {[%clk 0:22:00]} 46. a5 {[%clk 0:43:51]} Rh3
{[%clk 0:20:32]} 47. a6 {[%clk 0:43:32]} Rxg3 {[%clk 0:20:53]} 48. a7
{[%clk 0:43:37]} Ra3 {[%clk 0:21:15]} 49. a8=Q {[%clk 0:43:54]} Rxa8
{[%clk 0:21:39]} 50. Bxa8 {[%clk 0:44:22]} h5 {[%clk 0:22:01]} 51. Bg2
{[%clk 0:44:19]} 1-0

[Event "eytcc"]
[Site "?"]
[Date "2017.08.21"]
[Round "5.23"]
[White "Haring, Filip"]
[Black "Ozen, Deniz"]
[Result "0-1"]
[BlackElo "2380"]
[WhiteElo "2258"]
[LiveChessVersion "1.4.4"]

1. c4 e5 2. Nc3 Nf6 3. g3 Bb4 4. Bg2 O-O 5. d3 c6 6. Bd2 d5 7. Qb3 Ba5 8. Rd1 d4
9. Nb1 Bc7 10. Nf3 h6 11. O-O Nbd7 12. Qa3 a5 13. e3 dxe3 14. Bxe3 b5 15. b3 Ng4
16. d4 Nxe3 17. fxe3 e4 18. Nfd2 b4 19. Qc1 f5 20. c5 Qg5 21. Nc4 Ba6 22. d5 Bxc4
23. bxc4 Nxc5 24. d6 Bb6 25. Kh1 Rad8 26. Qc2 Qxe3 27. Rfe1 Qg5 28. d7 Nxd7 29.
c5 Nxc5 30. Qc4+ Kh8 31. a3 Rxd1 32. Rxd1 Nd3 33. Rxd3 exd3 34. Qxd3 Qc1+ 35. Bf1
Qe3 36. Qxe3 Bxe3 37. Kg2 f4 38. g4 f3+ 39. Kg3 f2 40. h4 Rd8 0-1

[Event "eytcc"]
[Site "?"]
[Date "2017.08.21"]
[Round "5.24"]
[White "Dedebas, Emre Emin"]
[Black "Sahidi, Samir"]
[Result "1/2-1/2"]
[BlackElo "2212"]
[WhiteElo "2273"]
[LiveChessVersion "1.4.4"]

1. d4 {[%clk 1:30:47]} Nf6 {[%clk 1:30:32]} 2. Nf3 {[%clk 1:30:52]} e6
{[%clk 1:30:45]} 3. c4 {[%clk 1:31:09]} Bb4+ {[%clk 1:30:19]} 4. Nbd2
{[%clk 1:31:32]} O-O {[%clk 1:28:43]} 5. Qc2 {[%clk 1:31:40]} d5 {[%clk 1:28:34]}
6. a3 {[%clk 1:31:51]} Be7 {[%clk 1:28:41]} 7. e4 {[%clk 1:32:00]} dxe4
{[%clk 1:27:38]} 8. Nxe4 {[%clk 1:31:59]} Nc6 {[%clk 1:27:36]} 9. Bd3
{[%clk 1:26:47]} Nxd4 {[%clk 1:21:15]} 10. Nxd4 {[%clk 1:18:07]} Qxd4
{[%clk 1:19:57]} 11. Nxf6+ {[%clk 1:04:57]} Bxf6 {[%clk 1:14:10]} 12. Bxh7+
{[%clk 1:05:20]} Kh8 {[%clk 1:14:31]} 13. Be4 {[%clk 1:05:42]} Be5
{[%clk 1:13:11]} 14. O-O {[%clk 0:55:37]} f5 {[%clk 1:09:18]} 15. Bf3
{[%clk 0:55:50]} Bf6 {[%clk 1:08:09]} 16. Rd1 {[%clk 0:51:41]} Qh4
{[%clk 1:07:39]} 17. g3 {[%clk 0:48:15]} Qh7 {[%clk 1:07:11]} 18. Be3
{[%clk 0:31:48]} e5 {[%clk 1:00:45]} 19. Bg2 {[%clk 0:31:51]} c6 {[%clk 0:52:18]}
20. f4 {[%clk 0:31:25]} exf4 {[%clk 0:50:32]} 21. Bxf4 {[%clk 0:28:45]} Be6
{[%clk 0:48:10]} 22. Re1 {[%clk 0:28:37]} Rae8 {[%clk 0:41:22]} 23. Rad1
{[%clk 0:24:22]} Qh5 {[%clk 0:37:20]} 24. Bd6 {[%clk 0:18:53]} Rg8
{[%clk 0:36:19]} 25. b3 {[%clk 0:19:10]} Bc8 {[%clk 0:34:43]} 26. Qd3
{[%clk 0:13:13]} Rxe1+ {[%clk 0:32:33]} 27. Rxe1 {[%clk 0:13:40]} Re8
{[%clk 0:32:46]} 28. Rxe8+ {[%clk 0:12:00]} Qxe8 {[%clk 0:33:09]} 29. Kf2
{[%clk 0:12:03]} g5 {[%clk 0:30:54]} 30. Qe3 {[%clk 0:08:36]} Qxe3+
{[%clk 0:28:34]} 31. Kxe3 {[%clk 0:08:56]} Kh7 {[%clk 0:20:53]} 32. Bc5
{[%clk 0:09:05]} a6 {[%clk 0:18:36]} 33. Bd4 {[%clk 0:04:00]} Be7
{[%clk 0:16:58]} 34. c5 {[%clk 0:04:02]} Be6 {[%clk 0:16:35]} 35. b4
{[%clk 0:04:24]} Kg6 {[%clk 0:15:46]} 36. Be5 {[%clk 0:03:35]} Bf8
{[%clk 0:12:16]} 37. Kd4 {[%clk 0:03:35]} g4 {[%clk 0:08:50]} 38. Bf1
{[%clk 0:03:36]} Be7 {[%clk 0:07:16]} 39. Bd3 {[%clk 0:01:59]} Bg5
{[%clk 0:07:36]} 40. Bf4 {[%clk 0:32:21]} Bf6+ {[%clk 0:37:35]} 41. Be5
{[%clk 0:32:42]} Bg5 {[%clk 0:37:41]} 42. Bh8 {[%clk 0:17:09]} Bf6+
{[%clk 0:34:58]} 43. Bxf6 {[%clk 0:17:24]} Kxf6 {[%clk 0:35:23]} 44. Bc2
{[%clk 0:17:33]} Bd7 {[%clk 0:34:53]} 45. Bb3 {[%clk 0:15:29]} Be8
{[%clk 0:34:30]} 46. Bg8 {[%clk 0:14:24]} Bg6 {[%clk 0:33:36]} 47. a4
{[%clk 0:14:02]} Be8 {[%clk 0:33:12]} 48. Ke5+ Kxe5 1/2-1/2

[Event "eytcc"]
[Site "?"]
[Date "2017.08.21"]
[Round "5.25"]
[White "Chukavin, Kirill"]
[Black "Winiarski, Mikolaj"]
[Result "0-1"]
[BlackElo "2269"]
[WhiteElo "2159"]
[LiveChessVersion "1.4.4"]

1. e4 {[%clk 1:30:55]} c5 {[%clk 1:30:50]} 2. Nf3 {[%clk 1:31:03]} Nc6
{[%clk 1:31:17]} 3. d4 {[%clk 1:30:39]} cxd4 {[%clk 1:31:42]} 4. Nxd4
{[%clk 1:31:04]} g6 {[%clk 1:32:09]} 5. Nc3 {[%clk 1:29:38]} Bg7 {[%clk 1:32:34]}
6. Nde2 {[%clk 1:29:01]} Nf6 {[%clk 1:32:18]} 7. g3 {[%clk 1:29:06]} O-O
{[%clk 1:23:48]} 8. Bg2 {[%clk 1:26:47]} d6 {[%clk 1:24:13]} 9. O-O
{[%clk 1:27:01]} Bd7 {[%clk 1:22:24]} 10. h3 {[%clk 1:26:50]} Na5
{[%clk 1:14:58]} 11. a4 {[%clk 1:21:40]} Rc8 {[%clk 1:14:25]} 12. Ra2
{[%clk 1:19:36]} a6 {[%clk 1:08:14]} 13. b3 {[%clk 1:15:27]} Nc6 {[%clk 1:06:24]}
14. Bb2 {[%clk 1:03:15]} Nb4 {[%clk 0:52:23]} 15. Ra1 {[%clk 0:58:29]} Qa5
{[%clk 0:48:50]} 16. Qd2 {[%clk 0:27:50]} Rc5 {[%clk 0:31:02]} 17. Rfd1
{[%clk 0:19:52]} Rfc8 {[%clk 0:29:30]} 18. Rac1 {[%clk 0:16:27]} Ne8
{[%clk 0:22:04]} 19. Nd4 {[%clk 0:11:15]} Bxd4 {[%clk 0:13:11]} 20. Qxd4
{[%clk 0:11:29]} e5 {[%clk 0:12:17]} 21. Qd2 {[%clk 0:07:51]} Be6
{[%clk 0:05:32]} 22. f4 {[%clk 0:02:10]} Rxc3 {[%clk 0:03:34]} 23. Bxc3
{[%clk 0:01:49]} Qc5+ {[%clk 0:03:53]} 24. Kh2 {[%clk 0:00:45]} Qxc3
{[%clk 0:04:16]} 25. fxe5 {[%clk 0:00:36]} Qxd2 {[%clk 0:03:38]} 26. Rxd2
{[%clk 0:01:05]} dxe5 {[%clk 0:03:58]} 27. c4 {[%clk 0:00:54]} a5
{[%clk 0:03:14]} 28. Rcd1 {[%clk 0:00:56]} Kf8 {[%clk 0:03:08]} 29. Rd8
{[%clk 0:00:54]} Ke7 {[%clk 0:03:29]} 30. Rxc8 {[%clk 0:01:20]} Bxc8
{[%clk 0:03:57]} 31. Kg1 {[%clk 0:00:42]} Nc7 {[%clk 0:04:05]} 32. Kf2
{[%clk 0:00:56]} Ne6 {[%clk 0:04:13]} 33. Ke3 {[%clk 0:00:40]} Nd4
{[%clk 0:03:40]} 34. Rb1 {[%clk 0:00:43]} Be6 {[%clk 0:03:28]} 35. Bf1
{[%clk 0:00:52]} Kd6 {[%clk 0:01:54]} 36. Kd2 {[%clk 0:00:48]} Na6
{[%clk 0:01:21]} 37. Kc3 {[%clk 0:00:32]} Bd7 {[%clk 0:01:13]} 38. h4
{[%clk 0:00:34]} Bc6 {[%clk 0:01:09]} 39. Bd3 {[%clk 0:00:42]} Nc5
{[%clk 0:01:18]} 0-1

[Event "eytcc"]
[Site "?"]
[Date "2017.08.21"]
[Round "5.26"]
[White "Chylewski, Patryk"]
[Black "Garanin, Aleksei"]
[Result "1-0"]
[BlackElo "2192"]
[WhiteElo "2241"]
[LiveChessVersion "1.4.4"]

1. e4 {[%clk 1:30:57]} c5 {[%clk 1:29:45]} 2. Nf3 {[%clk 1:31:21]} d6
{[%clk 1:29:55]} 3. d4 {[%clk 1:31:46]} cxd4 {[%clk 1:29:52]} 4. Nxd4
{[%clk 1:32:10]} Nf6 {[%clk 1:30:17]} 5. Nc3 {[%clk 1:32:35]} a6 {[%clk 1:30:42]}
6. Bg5 {[%clk 1:32:59]} e6 {[%clk 1:30:37]} 7. f4 {[%clk 1:33:13]} Be7
{[%clk 1:30:46]} 8. Qf3 {[%clk 1:33:25]} Nbd7 {[%clk 1:30:21]} 9. O-O-O
{[%clk 1:33:21]} Qc7 {[%clk 1:29:51]} 10. g4 {[%clk 1:32:57]} b5 {[%clk 1:24:48]}
11. Bxf6 {[%clk 1:32:52]} Nxf6 {[%clk 1:24:17]} 12. g5 {[%clk 1:33:09]} Nd7
{[%clk 1:24:39]} 13. f5 {[%clk 1:32:57]} Nc5 {[%clk 1:15:43]} 14. f6
{[%clk 1:24:06]} gxf6 {[%clk 1:09:11]} 15. gxf6 {[%clk 1:24:27]} Bf8
{[%clk 1:08:29]} 16. Bh3 {[%clk 0:51:00]} b4 {[%clk 1:02:13]} 17. Nd5
{[%clk 0:43:29]} exd5 {[%clk 1:00:01]} 18. exd5 {[%clk 0:43:27]} Bxh3
{[%clk 0:59:55]} 19. Rhe1+ {[%clk 0:37:08]} Kd8 {[%clk 0:55:00]} 20. Nc6+
{[%clk 0:31:27]} Kc8 {[%clk 0:54:44]} 21. Qxh3+ {[%clk 0:31:24]} Qd7
{[%clk 0:42:49]} 22. Qh5 {[%clk 0:24:33]} Kc7 {[%clk 0:33:22]} 23. Nxb4
{[%clk 0:17:30]} Re8 {[%clk 0:26:22]} 24. Nc6 {[%clk 0:17:15]} Rg8
{[%clk 0:23:29]} 25. Qxh7 {[%clk 0:14:05]} Rg6 {[%clk 0:22:03]} 26. Qh4
{[%clk 0:07:27]} Rg4 {[%clk 0:17:03]} 27. Qh5 {[%clk 0:06:25]} Rge4
{[%clk 0:15:54]} 28. Rf1 {[%clk 0:05:04]} Na4 {[%clk 0:09:26]} 29. Qh7
{[%clk 0:02:22]} Nb6 {[%clk 0:06:42]} 30. Na5 {[%clk 0:01:04]} Ra4
{[%clk 0:03:26]} 31. Nb3 {[%clk 0:01:25]} Ree4 {[%clk 0:03:06]} 32. Kb1
{[%clk 0:01:17]} Nc4 {[%clk 0:02:58]} 33. Rf3 {[%clk 0:00:59]} Ne5
{[%clk 0:02:45]} 34. Rc3+ {[%clk 0:01:19]} Rec4 {[%clk 0:02:39]} 35. Rg3
{[%clk 0:01:13]} Rab4 {[%clk 0:02:05]} 36. a3 {[%clk 0:00:50]} Rb5
{[%clk 0:02:12]} 37. Rg8 {[%clk 0:00:51]} Ng6 {[%clk 0:01:52]} 38. Qh5
{[%clk 0:00:45]} Qg4 {[%clk 0:01:58]} 39. Qxg4 {[%clk 0:01:00]} Rxg4
{[%clk 0:02:26]} 40. Rd3 {[%clk 0:30:33]} Kd7 {[%clk 0:31:05]} 41. Nd2
{[%clk 0:17:28]} Rb8 {[%clk 0:23:39]} 42. Nf3 {[%clk 0:14:19]} Rf4
{[%clk 0:23:01]} 43. Ng5 {[%clk 0:12:18]} Rxf6 {[%clk 0:15:35]} 44. Rh3
{[%clk 0:09:22]} Ne7 {[%clk 0:11:08]} 45. Rgh8 {[%clk 0:09:47]} Rc8
{[%clk 0:05:01]} 46. c4 {[%clk 0:08:43]} Rf1+ {[%clk 0:04:16]} 47. Ka2
{[%clk 0:09:03]} Rf5 {[%clk 0:03:48]} 48. Rg3 {[%clk 0:05:21]} Bg7
{[%clk 0:03:21]} 49. Rxc8 {[%clk 0:04:15]} Kxc8 {[%clk 0:03:35]} 50. h4
{[%clk 0:03:07]} Rf2 {[%clk 0:02:52]} 51. Rb3 {[%clk 0:03:31]} Ng6
{[%clk 0:02:51]} 52. Ne4 {[%clk 0:03:32]} Rf4 {[%clk 0:02:58]} 53. Nxd6+
{[%clk 0:03:51]} Kd7 {[%clk 0:03:14]} 54. c5 {[%clk 0:03:37]} Ne7
{[%clk 0:02:18]} 55. Rb7+ {[%clk 0:03:46]} Kd8 {[%clk 0:02:45]} 56. c6
{[%clk 0:03:54]} Nxd5 {[%clk 0:03:01]} 57. Rd7# 1-0

[Event "eytcc"]
[Site "?"]
[Date "2017.08.21"]
[Round "5.27"]
[White "Lumiste, Rene"]
[Black "Kokoszczynski, Jan"]
[Result "1-0"]
[BlackElo "2126"]
[WhiteElo "2130"]
[LiveChessVersion "1.4.4"]

1. d4 {[%clk 1:30:57]} Nf6 {[%clk 1:30:50]} 2. Bf4 {[%clk 1:31:21]} b6
{[%clk 1:28:46]} 3. Nc3 {[%clk 1:27:52]} Bb7 {[%clk 1:28:30]} 4. Qd3
{[%clk 1:24:59]} d5 {[%clk 1:21:23]} 5. Nb5 {[%clk 1:17:11]} Na6 {[%clk 1:21:34]}
6. Nf3 {[%clk 1:01:02]} e6 {[%clk 1:19:14]} 7. a4 {[%clk 0:57:19]} Be7
{[%clk 1:17:21]} 8. e3 {[%clk 0:56:04]} O-O {[%clk 1:17:35]} 9. Be2
{[%clk 0:54:50]} c6 {[%clk 1:16:13]} 10. Na3 {[%clk 0:54:55]} c5 {[%clk 1:13:00]}
11. c3 {[%clk 0:55:11]} Ne4 {[%clk 1:10:20]} 12. h4 {[%clk 0:50:48]} f6
{[%clk 1:00:20]} 13. g4 {[%clk 0:38:41]} Nc7 {[%clk 0:49:14]} 14. g5
{[%clk 0:30:02]} f5 {[%clk 0:40:05]} 15. Qc2 {[%clk 0:19:53]} a6 {[%clk 0:35:27]}
16. Ne5 {[%clk 0:14:37]} c4 {[%clk 0:26:41]} 17. Nb1 {[%clk 0:12:52]} b5
{[%clk 0:19:26]} 18. axb5 {[%clk 0:13:17]} Nxb5 {[%clk 0:18:03]} 19. Nd2
{[%clk 0:13:17]} Ned6 {[%clk 0:17:53]} 20. Ndf3 {[%clk 0:10:02]} a5
{[%clk 0:17:46]} 21. h5 {[%clk 0:10:05]} Ne4 {[%clk 0:16:59]} 22. h6
{[%clk 0:09:13]} Nxg5 {[%clk 0:11:06]} 23. hxg7 {[%clk 0:07:39]} Kxg7
{[%clk 0:06:40]} 24. Bxg5 {[%clk 0:05:50]} Bxg5 {[%clk 0:07:06]} 25. Nxg5
{[%clk 0:06:15]} Qxg5 {[%clk 0:07:25]} 26. O-O-O {[%clk 0:06:40]} 1-0

[Event "eytcc"]
[Site "?"]
[Date "2017.08.21"]
[Round "5.28"]
[White "Sanz Wawer, Daniel"]
[Black "Pedoson, Georg Aleksander"]
[Result "1-0"]
[BlackElo "2036"]
[WhiteElo "1972"]
[LiveChessVersion "1.4.4"]

1. d4 {[%clk 1:30:54]} f5 {[%clk 1:30:48]} 2. Nf3 {[%clk 1:30:03]} Nf6
{[%clk 1:29:51]} 3. g3 {[%clk 1:30:26]} g6 {[%clk 1:29:51]} 4. Bg2
{[%clk 1:30:43]} Bg7 {[%clk 1:29:42]} 5. O-O {[%clk 1:30:29]} O-O
{[%clk 1:30:05]} 6. b4 {[%clk 1:29:56]} d6 {[%clk 1:27:43]} 7. Bb2
{[%clk 1:29:11]} Qe8 {[%clk 1:24:53]} 8. c4 {[%clk 1:24:49]} c6 {[%clk 1:23:53]}
9. a4 {[%clk 1:22:38]} Na6 {[%clk 1:17:10]} 10. b5 {[%clk 1:20:48]} Nc7
{[%clk 1:17:33]} 11. Nbd2 {[%clk 1:19:38]} h6 {[%clk 1:12:57]} 12. Qc2
{[%clk 1:15:44]} Be6 {[%clk 1:09:42]} 13. bxc6 {[%clk 1:08:29]} bxc6
{[%clk 1:09:56]} 14. Bc3 {[%clk 1:06:45]} Bf7 {[%clk 0:59:55]} 15. Rab1
{[%clk 1:02:40]} Rb8 {[%clk 0:45:09]} 16. Rxb8 {[%clk 1:00:41]} Qxb8
{[%clk 0:45:37]} 17. Rb1 {[%clk 1:00:18]} Qc8 {[%clk 0:45:24]} 18. Qb3
{[%clk 0:56:35]} Ne4 {[%clk 0:43:45]} 19. e3 {[%clk 0:47:57]} Nxc3
{[%clk 0:42:13]} 20. Qxc3 {[%clk 0:48:21]} c5 {[%clk 0:40:06]} 21. Qa5
{[%clk 0:42:38]} cxd4 {[%clk 0:34:29]} 22. Nxd4 {[%clk 0:39:45]} Bxd4
{[%clk 0:34:52]} 23. exd4 {[%clk 0:39:08]} a6 {[%clk 0:32:47]} 24. Rb7
{[%clk 0:33:37]} Ne6 {[%clk 0:32:59]} 25. Qb6 {[%clk 0:28:43]} Qd8
{[%clk 0:25:47]} 26. a5 {[%clk 0:26:32]} g5 {[%clk 0:19:59]} 27. Nb3
{[%clk 0:24:33]} Qc8 {[%clk 0:18:15]} 28. c5 {[%clk 0:12:36]} dxc5
{[%clk 0:16:10]} 29. dxc5 {[%clk 0:10:24]} Rd8 {[%clk 0:15:34]} 30. h3
{[%clk 0:10:07]} f4 {[%clk 0:08:41]} 31. c6 {[%clk 0:09:18]} Kg7 {[%clk 0:07:36]}
32. Rxe7 {[%clk 0:05:22]} Rd1+ {[%clk 0:07:16]} 33. Kh2 {[%clk 0:05:51]} Kf6
{[%clk 0:05:56]} 34. Qb7 {[%clk 0:04:08]} Qf8 {[%clk 0:04:49]} 35. c7
{[%clk 0:02:22]} Qxe7 {[%clk 0:03:59]} 36. c8=Q {[%clk 0:02:16]} fxg3+
{[%clk 0:04:26]} 37. fxg3 {[%clk 0:01:57]} Qd6 {[%clk 0:04:20]} 38. Qc3+
{[%clk 0:02:07]} 1-0